00650nam a2200205Ia 450000500170000000800410001702000150005808200210007310000120009424500800010626000550018630000160024165000260025765000210028365000100030465000120031494200060032695200970033299900150042920250205032558.0240331s9999 xx 000 0 und d a0791407543 bRIN21164a305.4 aRing, J 0aModern Political Theory and Contemporary Feminism:bA Dialectical Analysis  aNew YorkbState University of New York Pressc1991 aix, 229 p., aContemporary Feminism aPolitical Theory aWomen aMarxism cL 001040708LaWERCLbWERCLcSSCd2024-03-31l0o 305.4 RINp1164r2024-03-31w2024-03-31yL c1675d1675